000 00214 a2200097 4500
001 906
100 _aDorbilin,E.O
245 _aDynamic analysis & feedback control
260 _a
_bMcgrawhill
_c
090 _c496
_d496
942 _aNUST-CAE
_cM
_c31333
999 _c235979
_d235979